[Event "Open"]
[Site "Bunratty IRL"]
[Date "2000.02.12"]
[Round "3"]
[White "Miles,A"]
[Black "Hebden,M"]
[Result "0-1"]
[WhiteElo "2579"]
[BlackElo "2493"]

1.d4 Nf6 2.Nf3 d6 3.c4 g6 4.Nc3 Bg7 5.e4 O-O 6.Be2 e5 7.O-O Nc6 8.d5 Ne7
9.Kh1 Kh8 10.Ne1 c6 11.Be3 cxd5 12.cxd5 Neg8 13.g4 Ne8 14.Rg1 f5 15.gxf5 gxf5
16.exf5 Ne7 17.Nf3 Nxf5 18.Bd3 Nxe3 19.fxe3 Nf6 20.Nd2 Bh6 21.Qe2 Rg8 22.Rxg8+ Qxg8
23.Rg1 Bg4 24.Qe1 Qg5 25.Nce4 Nxe4 26.Bxe4 Qxe3 27.Qh4 Qxd2 28.Qxg4 Qf4 29.Qg2 Rf8
30.a4 a5 31.b3 Qf7 32.Qh3 Qf4 33.Qg2 Qh4 34.Bd3 Qf2 35.Rf1 Qxg2+ 36.Kxg2 Bf4
37.Rf2 Kg7 38.Be4 Rf7 39.h3 Kf6 40.Rc2 Rg7+ 41.Kf2 h5 42.Rc8 Rg3 43.Re8 Rxb3
44.Re6+ Kg5 45.Rg6+ Kh4 46.Rxd6 Be3+ 47.Kf1 Rb4 48.Bc2 Rd4 49.Rd7 Bf4 50.Bf5 Rxa4
51.Rxb7 Rd4 52.Be6 a4 53.Ra7 e4 54.Ke2 Rd2+ 55.Ke1 Ra2 56.d6 Ra1+ 57.Ke2 Bxd6
58.Rd7 Bg3 59.Ra7 Kg5 60.Ra5+ Kf6 61.Bc4 a3 62.Ke3 Re1+ 63.Kd4 Be5+ 64.Kd5 Rd1+
65.Kc6 Bb2 66.Kb5 e3 67.Ra6+ Kf5 68.Re6 Kf4 69.Re8 Rd4 70.Rf8+ Kg3 71.Rg8+ Kh4
72.Ba2 Re4  0-1

[Event "Open"]
[Site "Bunratty IRL"]
[Date "2000.02.13"]
[Round "6"]
[White "Collins,S"]
[Black "Miles,A"]
[Result "0-1"]
[WhiteElo "2130"]
[BlackElo "2579"]

1.e4 e5 2.Nf3 Nc6 3.Bb5 Nf6 4.O-O Nxe4 5.d4 Nd6 6.Bxc6 dxc6 7.dxe5 Nf5 8.Qxd8+ Kxd8
9.Nc3 Ke8 10.b3 Ne7 11.Bb2 Bg4 12.Rad1 Bxf3 13.gxf3 Nf5 14.Ne4 Be7 15.Rd3 Rd8
16.Rfd1 Rf8 17.Kf1 Rxd3 18.Rxd3 f6 19.e6 Bd6 20.c4 Ke7 21.h3 Kxe6 22.Bc1 b6
23.Be3 Rd8 24.Ke2 Rd7 25.a4 Bb4 26.Rxd7 Kxd7 27.Kd3 Nh4 28.Ke2 Nf5 29.Bf4 Bd6
30.Bg3 c5  0-1

[Event "16th open"]
[Site "Cappelle La Grande FRA"]
[Date "2000.02.21"]
[Round "3"]
[White "Miles,A"]
[Black "Tirard,H"]
[Result "1/2-1/2"]
[WhiteElo "2579"]
[BlackElo "2366"]

1.d4 Nf6 2.Nf3 g6 3.c4 Bg7 4.Nc3 O-O 5.e4 d6 6.Be2 e5 7.O-O Nc6 8.d5 Ne7
9.Kh1 Ne8 10.Ne1 f5 11.exf5 Nxf5 12.Bd3 Nf6 13.Nf3 Nd4 14.Nxd4 exd4 15.Ne4 Nxe4
16.Bxe4 Qh4 17.Qc2 Bf5 18.Bxf5 Rxf5 19.Kg1 Re8 20.a4 Be5 21.h3 d3 22.Qxd3 Rxf2
23.Rxf2 Bd4 24.g3 Qxh3 25.Bf4 Bxf2+ 26.Kxf2 Qh2+ 27.Kf3 Qh5+ 28.Kg2 Re2+
29.Kf1 Rxb2 30.Qe4 Qh3+ 31.Ke1 Rg2 32.Qe8+ Kg7 33.Qe7+ Kg8 34.Qe8+  1/2-1/2

[Event "16th open"]
[Site "Cappelle La Grande FRA"]
[Date "2000.02.21"]
[Round "4"]
[White "Narciso Dublan,M"]
[Black "Miles,A"]
[Result "1/2-1/2"]
[WhiteElo "2468"]
[BlackElo "2579"]

1.e4 Nf6 2.e5 Nd5 3.c4 Nb6 4.d4 d6 5.f4 dxe5 6.fxe5 Nc6 7.Be3 Bf5 8.Nc3 e6
9.Be2 Qd7 10.Nf3 O-O-O 11.O-O Kb8 12.Qd2 f6 13.exf6 gxf6 14.Rad1 Qg7 15.Qe1 Rg8
16.Qf2 Bh3 17.Ng5 Bxg2 18.Qxg2 fxg5 19.c5 Nd5 20.Nxd5 exd5 21.Bg4 Qh6 22.Rf5 Bg7
23.Rxd5 Bf6 24.Rxd8+ Rxd8 25.Qe4 Qg7 26.d5 Ne5 27.Bf5 h5  1/2-1/2

[Event "16th open"]
[Site "Cappelle La Grande FRA"]
[Date "2000.02.23"]
[Round "6"]
[White "Zayac,E"]
[Black "Miles,A"]
[Result "1-0"]
[WhiteElo "2340"]
[BlackElo "2579"]

1.d4 e6 2.c4 b6 3.Nc3 Bb7 4.a3 f5 5.d5 Nf6 6.g3 Be7 7.Bg2 O-O 8.Nh3 Na6 9.O-O Nc5
10.Bf4 Qc8 11.Qc2 d6 12.b4 Nce4 13.dxe6 Qxe6 14.Nb5 Ne8 15.f3 g5 16.Nd4 Qg6
17.fxe4 fxe4 18.Be3 Bf6 19.Rad1 Ng7 20.c5 dxc5 21.bxc5 Rae8 22.c6 Bc8 23.Nf2 Bxd4
24.Rxd4 Nf5 25.Rxe4 Be6 26.Re5 Qg7 27.Qe4 Nd6 28.Qd4 Nf5 29.Qa1 h6 30.Bd2 Bc4
31.Rxe8 Rxe8 32.Qxg7+ Kxg7 33.Bc3+ Kg6 34.Be4 g4 35.Rd1  1-0

[Event "16th open"]
[Site "Cappelle La Grande FRA"]
[Date "2000.02.25"]
[Round "8"]
[White "Ippolito,M"]
[Black "Miles,A"]
[Result "0-1"]
[WhiteElo "2282"]
[BlackElo "2579"]

1.e4 Nc6 2.d4 e5 3.Nf3 exd4 4.Nxd4 Bb4+ 5.c3 Bc5 6.Be3 Bb6 7.g3 Nf6 8.Bg2 O-O
9.O-O Re8 10.Nd2 d5 11.Nxc6 bxc6 12.Bxb6 axb6 13.Qc2 Ba6 14.Rfe1 Qd6 15.Rad1 Bb7
16.a3 Re7 17.exd5 Rxe1+ 18.Rxe1 cxd5 19.c4 Rd8 20.cxd5 Bxd5 21.Bxd5 Nxd5
22.Qa4 c6 23.Nf3 h6 24.Kg2 Nc7 25.Qb3 c5 26.Ne5 Ne6 27.h4 Qc7 28.Nc4 Qc6+
29.Qf3 Qxf3+ 30.Kxf3 b5 31.Na5 Rd2 32.Rb1 Nd4+ 33.Kg2 Kf8 34.b3 Ke7 35.a4 Ra2
36.Rc1 c4 37.Rd1 Nf5 38.axb5 Ne3+ 39.Kh3 Nxd1 40.b6 Nxf2+  0-1

[Event "19th Open"]
[Site "Reykjavik ISL"]
[Date "2000.04.05"]
[Round "1"]
[White "Miles,A"]
[Black "Schulz,M2"]
[Result "1-0"]
[WhiteElo "2579"]
[BlackElo "2076"]

1.c4 Nf6 2.Nf3 c5 3.g3 g6 4.b3 Bg7 5.Bb2 Nc6 6.Bg2 O-O 7.O-O d6 8.Nc3 e5
9.d3 Nh5 10.a3 f5 11.Nd2 Be6 12.Nd5 Qd7 13.b4 Rae8 14.Rb1 b6 15.e3 Ne7 16.f4 exf4
17.gxf4 Nxd5 18.cxd5 Bf7 19.Qf3 Qa4 20.Nc4 Qd7 21.bxc5 bxc5 22.Bxg7 Kxg7
23.Qf2 Rb8 24.Rb2 Nf6 25.Rfb1 Qc7 26.e4 Ng4 27.Qd2 Rxb2 28.Qxb2+ Kg8 29.h3 Nh6
30.e5 dxe5 31.fxe5 f4 32.e6 Bxe6 33.dxe6 f3 34.Qe5 Qxe5 35.Nxe5 fxg2 36.Nd7 Rf1+
37.Rxf1 gxf1=Q+ 38.Kxf1 Nf5 39.Nxc5 Kf8 40.Kf2 Ke7 41.Kf3 Nd4+ 42.Kf4 h6
43.Ke5 Nf3+ 44.Kd5 Ng5 45.d4 Nxh3 46.Kc6 Nf4 47.d5 Nxd5 48.Kxd5  1-0

[Event "19th Open"]
[Site "Reykjavik ISL"]
[Date "2000.04.06"]
[Round "2"]
[White "Salmensuu,O"]
[Black "Miles,A"]
[Result "1-0"]
[WhiteElo "2418"]
[BlackElo "2579"]

1.e4 Nc6 2.d4 e5 3.dxe5 Nxe5 4.Nc3 Bc5 5.f4 Nc6 6.Nf3 d6 7.Bc4 Be6 8.Bd3 Nf6
9.Na4 Bb4+ 10.Bd2 O-O 11.O-O Re8 12.c3 Ba5 13.Qc2 d5 14.e5 Ne4 15.b4 Bb6+
16.Nxb6 axb6 17.Nd4 Nxd4 18.cxd4 f5 19.a4 Qd7 20.Be3 Rec8 21.Rfd1 c6 22.Ra3 Qe7
23.Qb2 Ra7 24.Rda1 h6 25.a5 b5 26.Bxe4 fxe4 27.Bd2 Rf8 28.Qc3 Ra6 29.Rf1 Rf7
30.Qg3 Bf5 31.Be1 Qf8 32.Qh4 Be6 33.Rg3 Kh7 34.Qh5 Bf5 35.Re3 Ra8 36.Qh4 Be6
37.Rf2 Rf5 38.h3 Qf7 39.Ree2 Rf8 40.Bd2 Rh5 41.Qg3 Qe7 42.Qc3 Qh4 43.Rf1 Rhf5
44.g4 R5f7 45.Be1 Qd8 46.f5 g6 47.f6 Qd7 48.Bd2 Rg8 49.Kh2 Rff8 50.Rg1 g5
51.Rf2 Kg6 52.Ra1 Kf7 53.Qc5 Ra8 54.Ra3 Qe8 55.Rf1 Ra6 56.Rg3 Qf8 57.Qc3 Ra8
58.Rgg1 Rg6 59.Qg3 Qc8 60.Kg2 Qd7 61.Kf2 Rh8 62.Rh1 Rhg8 63.Rfg1 Qc8 64.Qc3 Qd7
65.Qc5 Ra8 66.Ke1 Rag8 67.Kd1 Ra8 68.Kc2 Rag8 69.Kb2 Ra8 70.h4 gxh4 71.Rxh4 Rh8
72.g5 h5 73.Rgh1 Rgg8 74.Rxh5 Rxh5 75.Rxh5 Bf5 76.Rh4 Bg6 77.Be3 Re8 78.Kc3 Kg8
79.Kd2 Kf7 80.Qa7 Ke6 81.Rh6 Rg8 82.Kc3 Qf7 83.Kd2 Qd7 84.Ke1 Qf7 85.Kf2 Qd7
86.Kg3 Qf7 87.Kh4 Bf5 88.Bf4 Qd7 89.Be3 Qf7 90.Kg3 Bg6 91.Kf4  1-0

[Event "19th Open"]
[Site "Reykjavik ISL"]
[Date "2000.04.08"]
[Round "4"]
[White "Gunnarsson,J"]
[Black "Miles,A"]
[Result "0-1"]
[WhiteElo "2400"]
[BlackElo "2579"]

1.g3 c5 2.Bg2 g6 3.c4 Bg7 4.Nc3 Nc6 5.Nf3 e6 6.O-O Nge7 7.e3 Nf5 8.g4 Nh4
9.Nxh4 Qxh4 10.f4 b6 11.a3 Bb7 12.Nb5 Ke7 13.d4 cxd4 14.exd4 a6 15.d5 axb5
16.cxb5 Na5 17.Bd2 h5 18.Bb4+ Ke8 19.g5 Qg4 20.Rc1 Qxd1 21.Rfxd1 Rc8 22.Bxa5 bxa5
23.d6 Rxc1 24.Rxc1 Bd4+ 25.Kf1 Bxg2+ 26.Kxg2 Kf8 27.Rc7 Kg7 28.Rxd7 Rb8 29.a4 Bc5
30.Kf3 Rb6 31.Ke4 Rxd6 32.Rxd6 Bxd6 33.Kd4 Bxf4 34.b4 axb4 35.Kc4 Bxh2 36.a5 h4
37.b6 Bg1  0-1

[Event "19th Open"]
[Site "Reykjavik ISL"]
[Date "2000.04.12"]
[Round "8"]
[White "Drei,A"]
[Black "Miles,A"]
[Result "0-1"]
[WhiteElo "2351"]
[BlackElo "2579"]

1.e4 e5 2.Nf3 Nc6 3.d4 exd4 4.Nxd4 Bb4+ 5.c3 Bc5 6.Nxc6 bxc6 7.Bd3 Ne7 8.O-O O-O
9.b4 Bb6 10.a4 a5 11.Nd2 d5 12.exd5 cxd5 13.Nb3 c6 14.Ba3 axb4 15.Bxb4 Re8
16.Qc2 Ng6 17.a5 Ba7 18.Rfe1 Nf4 19.Bxh7+ Kh8 20.Rxe8+ Qxe8 21.Bd6 Nxg2 22.Kxg2 Qe6
23.Bf5 Qxd6 24.Re1 Ba6 25.Qc1 Qf6 26.Qf4 Bd3 27.Re5 g6 28.Nd4 gxf5 29.Nxf5 Rg8+  0-1

[Event "Redbus KO"]
[Site "Southend ENG"]
[Date "2000.04.21"]
[Round "1.1"]
[White "Rowson,J"]
[Black "Miles,A"]
[Result "1-0"]
[WhiteElo "2499"]
[BlackElo "2579"]

1.e4 e5 2.Nf3 Nc6 3.Bb5 Nf6 4.O-O Nxe4 5.d4 Nd6 6.Bxc6 dxc6 7.dxe5 Nf5 8.Qxd8+ Kxd8
9.Nc3 Ke8 10.h3 Bb4 11.Ne4 Be6 12.c3 Bf8 13.g4 Ne7 14.Ng3 Ng6 15.Re1 Bd5
16.Nd4 Nh4 17.Bg5 Nf3+ 18.Nxf3 Bxf3 19.c4 c5 20.Nh5 h6 21.Bh4 g5 22.Bg3 Be7
23.e6 fxe6 24.Rxe6 Kd7 25.Rae1 Bd8 26.Rg6 b6 27.Re3 Bb7 28.f4 Rh7 29.f5 Be7
30.Rd3+ Ke8 31.Rg8+ Kf7 32.Rxa8 Bxa8 33.Rd7 Kg8 34.Rxc7 Be4 35.Bd6  1-0

[Event "Redbus KO"]
[Site "Southend ENG"]
[Date "2000.04.21"]
[Round "1.2"]
[White "Miles,A"]
[Black "Rowson,J"]
[Result "1-0"]
[WhiteElo "2579"]
[BlackElo "2499"]

1.Nf3 Nf6 2.c4 g6 3.Nc3 d5 4.cxd5 Nxd5 5.Qa4+ Bd7 6.Qc2 Nb4 7.Qb3 c5 8.Ne4 Bf5
9.a3 Bxe4 10.axb4 Bg7 11.bxc5 O-O 12.d3 Bxf3 13.gxf3 Nd7 14.Be3 Rc8 15.d4 e5
16.dxe5 Nxc5 17.Qa3 Qd5 18.Bh3 Ne6 19.O-O Qxe5 20.Qb3 Rc7 21.Bxe6 Qxe6 22.Qxe6 fxe6
23.Rxa7 Rf5 24.b3 Rb5 25.Rb1 Bf8 26.Ra4 Rc3 27.b4 Rc4 28.Ra8 Kf7 29.Rd1 Rd5
30.Rxd5 exd5 31.Rb8 Rc7 32.b5 Rd7 33.Bd4 Bg7 34.Bxg7 Kxg7 35.Kf1 Kf6 36.Ke1 Kg5
37.Kd2 Kh4 38.Kc3 Kh3 39.e4 dxe4 40.fxe4 Kxh2 41.f4 Kg2 42.Rf8 Kf2 43.f5 gxf5
44.Rxf5+ Kg3 45.Rd5 Rf7 46.Kd4 Kg4 47.Rd8 h5 48.e5 Rh7 49.Ke4 h4 50.Rg8+ Kh5
51.e6 h3 52.Rg1 h2 53.Rh1 Kg6 54.Ke5 Rh3 55.Kd6 Rd3+ 56.Kc7 Rd2 57.Re1 Re2
58.Rxe2 h1=Q 59.e7 Qc1+ 60.Kxb7 Qh1+ 61.Kb8  1-0

[Event "Capablanca Mem Elite"]
[Site "Varadero CUB"]
[Date "2000.05.10"]
[Round "4"]
[White "Miles,A"]
[Black "Oral,T"]
[Result "0-1"]
[WhiteElo "2579"]
[BlackElo "2540"]

1.Nf3 c5 2.g3 Nc6 3.c4 e5 4.Nc3 g6 5.a3 Bg7 6.b4 e4 7.Nh4 d6 8.Bb2 f5 9.d3 Nf6
10.dxe4 Nxe4 11.Qc1 O-O 12.Bg2 Nd4 13.Ra2 Be6 14.Nxe4 fxe4 15.Bxd4 Bxd4 16.e3 Bf6
17.Bxe4 Bxh4 18.gxh4 Qxh4 19.Bxb7 Rab8 20.Bg2 Bxc4 21.Rc2 cxb4 22.Qd2 bxa3
23.Bd5+ Bxd5 24.Qxd5+ Kg7 25.O-O Rf5 26.Qe6 Rb2  0-1

[Event "Capablanca Mem Elite"]
[Site "Varadero CUB"]
[Date "2000.05.10"]
[Round "4"]
[White "Miles,A"]
[Black "Oral,T"]
[Result "0-1"]
[WhiteElo "2579"]
[BlackElo "2540"]

1.Nf3 c5 2.g3 Nc6 3.c4 e5 4.Nc3 g6 5.a3 Bg7 6.b4 e4 7.Nh4 d6 8.Bb2 f5 9.d3 Nf6
10.dxe4 Nxe4 11.Qc1 O-O 12.Bg2 Nd4 13.Ra2 Be6 14.Nxe4 fxe4 15.Bxd4 Bxd4 16.e3 Bf6
17.Bxe4 Bxh4 18.gxh4 Qxh4 19.Bxb7 Rab8 20.Bg2 Bxc4 21.Rc2 cxb4 22.Qd2 bxa3
23.Bd5+ Bxd5 24.Qxd5+ Kg7 25.O-O Rf5 26.Qe6 Rh5 27.f4 Rhb5 28.Qd7+ Kh6 29.Rcf2 Rb1
30.Kg2 Rxf1 31.Kxf1 a2 32.Qxa7 Rb1+ 33.Kg2 a1=Q  0-1

[Event "Capablanca Mem Elite"]
[Site "Varadero CUB"]
[Date "2000.05.13"]
[Round "6"]
[White "Miles,A"]
[Black "Acs,P"]
[Result "1-0"]
[WhiteElo "2579"]
[BlackElo "2542"]

1.Nf3 d5 2.b3 c5 3.e3 Nc6 4.Bb2 Nf6 5.Bb5 e6 6.Ne5 Qc7 7.O-O Bd6 8.f4 O-O
9.Bxc6 bxc6 10.Qf3 Nd7 11.Nxd7 Bxd7 12.e4 c4 13.Nc3 Rab8 14.Ne2 f6 15.Bc3 Bc5+
16.Kh1 Qb6 17.d4 cxd3 18.cxd3 d4 19.Bd2 Ba3 20.Ng3 Qa6 21.Rab1 Be7 22.Rb2 c5
23.Bc1 Bb5 24.Rd1 Rf7 25.f5 e5 26.Nh5 Be8 27.h4 Qb5 28.g4 a5 29.g5 fxg5 30.Rg1 g6
31.Bxg5 Rxf5 32.Qh3 Rxg5 33.hxg5 gxh5 34.g6 Bxg6 35.Qe6+ Kf8 36.Rf2+ Ke8
37.Rxg6 hxg6 38.Rf7 Qd7 39.Rf8+ Kxf8 40.Qxd7 Rb6 41.Qa7 Rf6 42.Qxa5 Rf3 43.Qa8+ Kf7
44.Qd5+ Kf6 45.Qc4 g5 46.a4 g4 47.a5 h4 48.Qg8 g3 49.a6 Rf1+ 50.Kg2 Ra1 51.Qh7 Ke6
52.Qg8+ Kf6 53.Qc8 Ra2+ 54.Kh3 Kf7 55.Qf5+ Bf6 56.Qd7+ Kg6 57.a7 g2 58.Kh2 Bg5
59.Qe8+ Kg7 60.Qxe5+ Bf6 61.Qc7+ Kg6 62.Qxc5 Bg5 63.Qxd4 Bf4+ 64.Kh3  1-0

[Event "Capablanca Mem Elite"]
[Site "Varadero CUB"]
[Date "2000.05.21"]
[Round "12"]
[White "Stefansson,H"]
[Black "Miles,A"]
[Result "1/2-1/2"]
[WhiteElo "2566"]
[BlackElo "2579"]

1.e4 e5 2.Nf3 Nc6 3.Bb5 Nf6 4.O-O Nxe4 5.d4 Nd6 6.Bxc6 dxc6 7.dxe5 Nf5 8.Qxd8+ Kxd8
9.Rd1+ Ke8 10.Nc3 Ne7 11.Bf4 Ng6 12.Bg3 Bb4 13.Ne2 Be7 14.h3 c5 15.Nc3 Be6
16.Nd5 Bd8 17.Rd2 Rc8 18.Ne3 h6 19.h4 Ne7 20.h5 Nf5 21.Nxf5 Bxf5 22.Nh2 b6
23.Bf4 Be6 24.a4 a5 25.f3 Be7 26.Nf1 Rd8 27.Rad1 g5 28.hxg6 fxg6 29.Ne3 Rxd2
30.Rxd2 Kf7 31.b3 h5 32.Kf2 h4 33.Rd1 g5 34.Bh2 Kg6 35.g3 c4 36.Nxc4 Bxc4
37.bxc4 Bc5+ 38.Kg2 h3+ 39.Kh1 g4 40.fxg4 Re8 41.Bg1 Bxg1 42.Kxg1 Rxe5 43.Rd7 Re2
44.Rxc7 Rxc2 45.Rc6+ Kg5 46.Rxb6 Kxg4 47.Rg6+ Kf3 48.Rg5  1/2-1/2

[Event "Capablanca Mem Elite"]
[Site "Varadero CUB"]
[Date "2000.05.22"]
[Round "13"]
[White "Miles,A"]
[Black "Slobodjan,R"]
[Result "1/2-1/2"]
[WhiteElo "2579"]
[BlackElo "2561"]

1.Nf3 Nf6 2.d4 d5 3.Bf4 c6 4.e3 Qb6 5.Qc1 Bg4 6.Be2 Nbd7 7.h3 Bh5 8.c4 c5
9.dxc5 Qxc5 10.Nbd2 Rc8 11.b3 e6 12.O-O Be7 13.Bh2  1/2-1/2

[Event "ch-GBR"]
[Site "Millfield ENG"]
[Date "2000.08.01"]
[Round "2"]
[White "Miles,A"]
[Black "Webster,A"]
[Result "1-0"]
[WhiteElo "2584"]
[BlackElo "2417"]

1.c4 e6 2.g3 d5 3.Bg2 Nf6 4.Nf3 Be7 5.O-O O-O 6.b3 b6 7.Bb2 Bb7 8.e3 Nbd7
9.d3 c5 10.Nc3 Qc7 11.Qe2 Rad8 12.h3 dxc4 13.bxc4 Bxf3 14.Bxf3 Ne5 15.Rfd1 Nxf3+
16.Qxf3 Rd7 17.Kf1 Rfd8 18.Ke2 Ne8 19.a4 a5 20.Nb5 Qb7 21.Qxb7 Rxb7 22.Rab1 Nc7
23.Nxc7 Rxc7 24.Be5 Rc6 25.f4 f6 26.Ba1 Kf7 27.Rb3 Bd6 28.g4 Bc7 29.Rg1 Re8
30.Kf3 e5 31.f5 e4+ 32.dxe4 Rd6 33.e5 fxe5 34.Ke4 Red8 35.Bc3 Rh6 36.Rg3 Rd1
37.Bxe5 Bxe5 38.Kxe5 Ke7 39.g5 Rhd6 40.Rg4 Kf7 41.g6+ hxg6 42.Rxg6 Rxg6 43.fxg6+ Kxg6
44.Rxb6+ Kg5 45.Rb5 Rh1 46.Rxc5 Rxh3 47.e4  1-0

[Event "ch-GBR"]
[Site "Millfield ENG"]
[Date "2000.08.02"]
[Round "3"]
[White "Arkell,K"]
[Black "Miles,A"]
[Result "1/2-1/2"]
[WhiteElo "2481"]
[BlackElo "2584"]

1.d4 Nc6 2.Nf3 d5 3.g3 Bf5 4.Bg2 Nb4 5.Na3 e6 6.O-O Nf6 7.Bf4 Bd6 8.Bxd6 cxd6
9.c3 Nc6 10.c4 Be4 11.cxd5 Bxd5 12.Nb5 O-O 13.Nc3 Bxf3 14.Bxf3 d5  1/2-1/2

[Event "ch-GBR"]
[Site "Millfield ENG"]
[Date "2000.08.05"]
[Round "6"]
[White "Miles,A"]
[Black "Crouch,C"]
[Result "1-0"]
[WhiteElo "2584"]
[BlackElo "2448"]

1.c4 Nf6 2.g3 c6 3.Nf3 d5 4.Qc2 Bg4 5.Bg2 Nbd7 6.d3 e5 7.O-O Bd6 8.b3 O-O
9.Ba3 Bxa3 10.Nxa3 Qe7 11.Qb2 Bxf3 12.Bxf3 e4 13.dxe4 dxe4 14.Bg2 e3 15.f3 Rfe8
16.Nc2 a5 17.Rfd1 Nc5 18.Qc3 h5 19.Rd4 Qe5 20.f4 Qc7 21.Nxe3 Qb6 22.Kf1 Ne6
23.c5 Qxc5 24.Qxc5 Nxc5 25.Nc4 h4 26.Bf3 hxg3 27.hxg3 Nfe4 28.Kg2 f5 29.Rc1 Ne6
30.Rdd1 N4c5 31.Rc2 a4 32.b4 Na6 33.a3 Rad8 34.Nd6 Rd7 35.Rcd2 Red8 36.Rd3 Nac7
37.Nxb7 Rxd3 38.exd3 Rb8 39.Bxc6 Nd4 40.Na5 Nc2 41.Nc4 Nd4 42.Bxa4 Ra8 43.Na5 Nd5
44.Re1 Kf8 45.Re5 Nc3 46.Bd7 g6 47.Rc5  1-0

[Event "ch-GBR"]
[Site "Millfield ENG"]
[Date "2000.08.08"]
[Round "8"]
[White "Hunt,H"]
[Black "Miles,A"]
[Result "1/2-1/2"]
[WhiteElo "2454"]
[BlackElo "2584"]

1.e4 e5 2.Nf3 Nc6 3.Bb5 Nf6 4.d3 d6 5.c3 a6 6.Ba4 g6 7.O-O Bg7 8.Re1 O-O
9.h3 b5 10.Bc2 Bb7 11.a4 Nb8 12.d4 Nbd7 13.Nbd2 Re8 14.Bd3 c6 15.Nf1 Qb6
16.Ng3 c5 17.axb5 axb5 18.Rxa8 Bxa8 19.d5 c4 20.Bc2 Nc5 21.Be3 Qc7 22.Qd2 Bb7
23.Ra1 Ra8 24.Qc1 Rxa1 25.Qxa1 Nfd7 26.Nd2 h5 27.Ne2 Kh7 28.g4 hxg4 29.hxg4 Bf6
30.Kg2 Kg8 31.Nf1 Bd8 32.g5 Nf8 33.Nh2 Nh7 34.Qc1 Bc8 35.Ng1 Bd7 36.f4 f5
37.gxf6 Nxf6 38.Qb1 Ng4 39.Nxg4 Bxg4 40.fxe5 dxe5 41.Qe1 Nd7 42.Qg3 Nf6 43.Nf3 Bxf3+
44.Qxf3 Qd6 45.Qh3 Qd7 46.Bg5  1/2-1/2

[Event "ch-GBR"]
[Site "Millfield ENG"]
[Date "2000.08.11"]
[Round "11"]
[White "Kelly,B"]
[Black "Miles,A"]
[Result "1/2-1/2"]
[WhiteElo "2426"]
[BlackElo "2584"]

1.c4 e5 2.g3 Nf6 3.Bg2 Nc6 4.Nc3 Bc5 5.a3 a6 6.e3 d6 7.Nge2 O-O 8.b3 Ba7
9.Bb2 Bf5 10.d3 Qd7 11.h3 Rab8 12.g4 Bg6 13.Ng3 h6 14.O-O b5 15.Rb1 bxc4
16.bxc4 Ne7 17.Ba1 c6 18.Nce4 Nxe4 19.dxe4 Rxb1 20.Qxb1 f6 21.Nf5 Bf7 22.Qc2 Bc5
23.Rb1 Nc8 24.Bc3 Kh7 25.Bb4 g6 26.Ng3 Qa7 27.Qa4 Bxc4 28.Qxc6 Bb5  1/2-1/2

[Event "Summer Festival Open"]
[Site "Lisbon POR"]
[Date "2000.08.21"]
[Round "1"]
[White "Torrado Quintela,J"]
[Black "Miles,A"]
[Result "0-1"]
[WhiteElo "2124"]
[BlackElo "2584"]

1.e4 Nf6 2.e5 Nd5 3.d4 d6 4.c4 Nb6 5.exd6 exd6 6.Bd3 Nc6 7.Be3 Nb4 8.Be2 Bf5
9.Na3 Be7 10.Nf3 O-O 11.O-O Bf6 12.Qb3 a5 13.Rac1 Re8 14.Rfe1 Bd7 15.Nb5 d5
16.a3 dxc4 17.Bxc4 Nxc4 18.Qxc4 Be6 19.Qf1 Nd5 20.Nc3 Nxc3 21.bxc3 Be7 22.Ra1 Qd5
23.Reb1 b6 24.Nd2 Rad8 25.c4 Qd7 26.Re1 Bf6 27.d5 Bxa1 28.dxe6 Rxe6 29.Rxa1 Rxe3
30.fxe3 Qxd2 31.Qf4 Re8 32.Rf1 Qxe3+ 33.Qxe3 Rxe3 34.Rd1 g6 35.Rd7 c5 36.Rb7 Rb3
37.Kf2 Kg7 38.g3 h5 39.h4 Kf6 40.Kg2 Ke6 41.Kf2 f6 42.Kg2 Kf5 43.Kf2 Kg4
44.Rb8 g5 45.hxg5 fxg5 46.Rb7 Rb2+  0-1

[Event "Summer Festival Open"]
[Site "Lisbon POR"]
[Date "2000.08.22"]
[Round "2"]
[White "Miles,A"]
[Black "McMahon,D"]
[Result "1-0"]
[WhiteElo "2584"]
[BlackElo "2246"]

1.g3 e5 2.c4 Nc6 3.Nc3 f5 4.Nf3 e4 5.Nh4 d6 6.d3 Be7 7.Ng2 Nf6 8.Nf4 Ne5
9.Bg2 c6 10.dxe4 fxe4 11.Nxe4 Nxc4 12.O-O d5 13.Nxf6+ Bxf6 14.e4 dxe4 15.Qb3 Nd6
16.Be3 Qe7 17.Rfe1 Bf5 18.Bc5 O-O-O 19.Bxa7 Nb5 20.Bb6 Rd2 21.Qa4 Qd6 22.Rad1 Kb8
23.Be3 Rxd1 24.Rxd1 Qe5 25.Nd5 Qxb2 26.Bc1  1-0

[Event "Summer Festival Open"]
[Site "Lisbon POR"]
[Date "2000.08.23"]
[Round "3"]
[White "Jonkman,H"]
[Black "Miles,A"]
[Result "0-1"]
[WhiteElo "2424"]
[BlackElo "2584"]

1.e4 c6 2.d4 d5 3.Nd2 dxe4 4.Nxe4 Nf6 5.Nxf6+ exf6 6.Bc4 Bd6 7.Qe2+ Kf8 8.Qh5 Be6
9.Bxe6 fxe6 10.Ne2 Qe8 11.Qh3 Na6 12.O-O Nc7 13.Bf4 Qd7 14.Rfe1 Re8 15.c4 Ke7
16.Qb3 Bxf4 17.Nxf4 Qxd4 18.Qb4+ c5 19.Nxe6 Nxe6 20.Qxb7+ Kf8 21.Rad1 Qxc4
22.Re4 Qxa2 23.Rde1 h5 24.f4 f5 25.Re5 Rh6 26.Rxf5+ Rf6 27.Rxh5 Kg8 28.Rhe5 Ref8
29.f5 Nd4 30.Rxc5 Rxf5 31.Rxf5 Nxf5 32.h3 Qa5 33.Qe4 Qb6+ 34.Kh2 Qxb2 35.Qd5+ Kh8
36.Re5 Qb8 37.Kg1 Qb6+ 38.Kh2 Qd6 39.Qxd6 Nxd6  0-1

[Event "Summer Festival Open"]
[Site "Lisbon POR"]
[Date "2000.08.25"]
[Round "5"]
[White "Komljenovic,D"]
[Black "Miles,A"]
[Result "1/2-1/2"]
[WhiteElo "2514"]
[BlackElo "2584"]

1.d4 Nc6 2.Nf3 d5 3.c4 Bg4 4.cxd5 Bxf3 5.gxf3 Qxd5 6.e3 e6 7.Nc3 Qh5 8.Bd2 O-O-O
9.f4 Qxd1+ 10.Rxd1 Nf6 11.Bg2 Ne7 12.Ne4 Nxe4 13.Bxe4 g6 14.Ke2 Nd5 15.a3 Bd6
16.b4 Kd7 17.Rc1 c6 18.Rc2 a6 19.Kf3 f5 20.Bd3 h6 21.h4 g5 22.hxg5 hxg5 23.Rxh8 g4+
24.Kg2 Rxh8 25.Rc1 Ke7 26.Rh1 Rxh1 27.Kxh1  1/2-1/2

[Event "Summer Festival Open"]
[Site "Lisbon POR"]
[Date "2000.08.26"]
[Round "6"]
[White "Miles,A"]
[Black "Stefansson,H"]
[Result "1/2-1/2"]
[WhiteElo "2584"]
[BlackElo "2557"]

1.Nf3 Nf6 2.d4 e6 3.c4 b6 4.Nc3 Bb7 5.Bg5 Bb4 6.Qb3 c5 7.e3 h6 8.Bh4 g5 9.Bg3 Ne4
10.Bd3 Bxc3+ 11.bxc3 Nxg3 12.hxg3 Nc6 13.dxc5 Na5 14.Qb4 Bxf3 15.gxf3 Nc6
16.Qa3 Qe7 17.Be4 Rc8 18.Qa6 Rb8 19.cxb6 Rxb6 20.Qc8+ Qd8 21.Qxd8+ Kxd8 22.O-O-O f5
23.Bc2 Ne5 24.c5  1/2-1/2

[Event "Summer Festival Open"]
[Site "Lisbon POR"]
[Date "2000.08.27"]
[Round "7"]
[White "Wohl,A"]
[Black "Miles,A"]
[Result "1/2-1/2"]
[WhiteElo "2461"]
[BlackElo "2584"]

1.e4 c6 2.d3 d5 3.Nd2 e5 4.Ngf3 Nd7 5.Qe2 d4 6.g3 Bd6 7.Bg2 Ne7 8.O-O c5
9.c3 Nc6 10.a4 O-O 11.Nc4 Bc7 12.Bd2 Nb6 13.Nxb6 axb6 14.c4 Bg4 15.h3 Bh5
16.b3 Qf6 17.g4 Bg6 18.Bg5 Qd6 19.Nh4 Nd8 20.Nf5 Qd7 21.Ne7+ Kh8 22.Nd5 Ne6
23.Bd2 f6 24.h4 Bf7 25.Bh3 Nf4 26.Nxf4 exf4 27.f3 g5 28.Qh2 Kg7 29.Kf2 h6
30.Rh1 Rh8 31.Qg1 Be6 32.h5 Bf7 33.Qd1 Ra7 34.Bf1 Rha8 35.Qc2 Bd6 36.Be2 Qe6
37.Bd1 Be8 38.Rb1 Bc6 39.Re1 Qd7 40.Qb2 Re8 41.Ra1 Raa8 42.Bc2 Qe7 43.Rg1 Bd7
44.Rae1 Qf7 45.Rh1 Re5 46.Bd1 Qe8 47.Bc2 Qe7 48.Bd1 Re8 49.Rhg1 Kh7 50.Rh1 Be6
51.Rhg1 Bf7 52.Rh1 Qf8 53.Bc2 R8e7 54.Bd1 Qe8 55.Rh2 Kg7 56.Qc1 R7e6 57.Qb2 Bf8
58.Qc1 Kg8 59.Qb2 Re7 60.Qc1 Be6 61.Rhh1 Bd7 62.Qb2 R7e6 63.Qc1 Bd6 64.Qb2 Re7
65.Qc1 Qd8 66.Qb2 Re8  1/2-1/2

[Event "Summer Festival Open"]
[Site "Lisbon POR"]
[Date "2000.08.28"]
[Round "8"]
[White "Miles,A"]
[Black "Akesson,R"]
[Result "1-0"]
[WhiteElo "2584"]
[BlackElo "2486"]

1.g3 Nf6 2.Bg2 d5 3.Nf3 e6 4.O-O Be7 5.c4 O-O 6.b3 c5 7.Bb2 Nc6 8.e3 b6 9.Nc3 dxc4
10.bxc4 Bb7 11.Qe2 Qc7 12.Rfd1 a6 13.h3 Rfd8 14.Rab1 Rab8 15.Ba1 Ba8 16.Ne1 Na7
17.Bxa8 Rxa8 18.a4 Rab8 19.g4 Qc6 20.Qf3 Qxf3 21.Nxf3 Ne8 22.Kf1 Nd6 23.d3 Bf6
24.g5 Bxc3 25.Bxc3 b5 26.axb5 axb5 27.Be5 Rb7 28.Nd2 Ne8 29.Ne4 Rc8 30.Bd6 Rd7
31.Bxc5 bxc4 32.dxc4 Rxd1+ 33.Rxd1 Nc6 34.Bb6 Ne5 35.c5 f5 36.Nc3 Nc4 37.Nb5 Kf8
38.Rd7 Rb8 39.Rd8 Rxd8 40.Bxd8 Ne5 41.Nd4 Kf7 42.Ke2 h6 43.f4 Ng6 44.gxh6 gxh6
45.Kd3 e5 46.Nxf5 exf4 47.e4 Ne5+ 48.Kc3 Ke6 49.Bh4 Nf7 50.Nd4+ Kd7 51.Nf3 Nc7
52.Bf2 Ke6 53.h4 Kd7 54.Kc4 h5 55.Be1 Kc6 56.Nd4+ Kd7 57.c6+ Kd6 58.Bb4+ Ke5
59.Kd3 Na6 60.Ba3 Kf6 61.Ke2 Ke5 62.Nb5 Nd8 63.c7 Nxc7 64.Nxc7 Kxe4 65.Kf2 Nf7
66.Ne6 Ne5 67.Ng5+ Kf5 68.Nf3 Nc4 69.Be7 Kg4 70.Bg5 Ne3 71.Ne5+ Kf5 72.Nd3 Kg4
73.Nxf4 Nf5 74.Ng6 Nd6 75.Ne5+ Kf5 76.Nf3 Kg4 77.Kg2 Ne4 78.Nh2+ Kf5 79.Bd8 Kf4
80.Bc7+ Kf5 81.Kf3 Nd2+ 82.Ke3 Ne4 83.Nf1 Nc5 84.Kf3 Ne6 85.Ng3+ Kg6 86.Bb6 Ng7
87.Ke4 Ne8 88.Bd4 Nd6+ 89.Kd5 Nf7 90.Be3 Nd8 91.Ke4 Nf7 92.Bf4 Nd8 93.Kd5 Nf7
94.Ke6 Nd8+ 95.Kd7 Nf7 96.Ke7 Nh8 97.Ke6 Nf7 98.Bc1 Nd8+ 99.Kd7 Nf7 100.Bf4 Nh8
101.Be3 Nf7 102.Ke6 Nd8+ 103.Ke5 Nf7+ 104.Kf4 Nd8 105.Ne2 Nf7 106.Bc5 Nd8  1-0

[Event "Summer Festival Open"]
[Site "Lisbon POR"]
[Date "2000.08.29"]
[Round "9"]
[White "Sulskis,S"]
[Black "Miles,A"]
[Result "1/2-1/2"]
[WhiteElo "2497"]
[BlackElo "2584"]

1.e4 Nc6 2.d4 e5 3.d5 Nce7 4.c4 Ng6 5.Nc3 Bc5 6.Na4 Bb4+ 7.Bd2 Bxd2+ 8.Qxd2 Nf6
9.Nc3 d6 10.h4 h6 11.g3 Qe7 12.O-O-O a6 13.Kb1 Bd7 14.h5 Nf8 15.f3 N8h7 16.Nge2 O-O
17.Nc1 Rfd8 18.Rh2 Rab8 19.Nb3 c5 20.Qe3 b5 21.Na5 b4 22.Ne2 Ng5 23.g4 Re8
24.Ng3 Qd8 25.Nb3 a5 26.Be2 a4 27.Nc1 Qc7  1/2-1/2

[Event "zt 1.1"]
[Site "Mondariz ESP"]
[Date "2000.09.03"]
[Round "1"]
[White "Godena,M"]
[Black "Miles,A"]
[Result "1/2-1/2"]
[WhiteElo "2485"]
[BlackElo "2584"]

1.e4 Nf6 2.e5 Nd5 3.d4 d6 4.Nf3 g6 5.Bc4 c6 6.O-O Bg7 7.Re1 O-O 8.c3 dxe5
9.Nxe5 Nd7 10.Nd3 N7b6 11.Bb3 Bf5 12.Qf3 a5 13.a4 Re8  1/2-1/2